Tout sur le Titanic - Statistiques

Statistiques générales
  • Ce quiz a été pris 59 fois
  • Le résultat moyen est 9 sur 17
Statistiques - réponses
Questions Réponses % Correct
En quelle année a coulé le Titanic ? 1912
98%
Les chiens étaient admis à bord. Vrai ou Faux ? Vrai
76%
Dans le film Titanic (1997), comment Jack gagne-t-il son billet d'embarquement ? Au poker
73%
Dans quel port français le Titanic a-t-il fait une escale ? Cherbourg
65%
De quel port est initialement parti le Titanic ? Southampton
61%
Où le Titanic a-t-il été construit ? Belfast
59%
Combien de personnes ont été sorties de l'eau par les rares canots de sauvetage revenus sur les lieux du naufrage ? 4
57%
Comment s'appelait la compagnie maritime propriétaire du Titanic ? White Star Line
57%
Combien y avait-il de canots de sauvetage à bord ? 20
55%
Comment s'appelait le capitaine ? Edward Smith
53%
En quelle année l'épave du Titanic est-elle découverte ? 1985
47%
Quel est le nom de l'architecte responsable de la conception du Titanic ? Thomas Andrews
47%
En 1943, quel pays produit un film de propagande "Titanic" ? Allemagne
35%
Quel navire est venu récupérer les rescapés après le naufrage ? Carpathia
33%
Comment s'appelait le directeur général de cette compagnie ? Joseph Bruce Ismay
29%
Quel est le dernier port où s'arrête le Titanic avant de partir pour New York ? Queenstown
18%
Quelle était la température de l'eau lors du naufrage ? - 2°C
16%
Aucun quiz correspondant
Distribution des résultats
% des personnes avec chaque résultat
Percentile par nombre de réponses
Votre historique - résultats
Vous n’avez pas pris ce quiz